TEXTBOOK OF RADIOLOGY FOR RESIDENTS & TECHNICIANS. (Record no. 14902)

MARC details
000 -LEADER
fixed length control field 00373nam a22001577a 4500
003 - CONTROL NUMBER IDENTIFIER
control field SGT
020 ## - INTERNATIONAL STANDARD BOOK NUMBER
International Standard Book Number 978-81-239-2802-9
082 ## - DEWEY DECIMAL CLASSIFICATION NUMBER
Classification number 616.075
Item number R17B
100 ## - MAIN ENTRY--PERSONAL NAME
Personal name BHARGAVA, SATISH.K.
245 ## - TITLE STATEMENT
Title TEXTBOOK OF RADIOLOGY FOR RESIDENTS & TECHNICIANS.
250 ## - EDITION STATEMENT
Edition statement 5TH
260 ## - PUBLICATION, DISTRIBUTION, ETC. (IMPRINT)
Place of publication, distribution, etc NEW DELHI
Name of publisher, distributor, etc C.B.S PUB
Year of Publication 2017
300 ## - PAGE DESCRIPTION
No. of Pages 674
650 ## - SUBJECT ADDED ENTRY--TOPICAL TERM
Topical term or geographic name as entry element AYURVEDA
942 ## - ADDED ENTRY ELEMENTS (KOHA)
Source of classification or shelving scheme Dewey Decimal Classification
Koha item type Books
942 ## - ADDED ENTRY ELEMENTS (KOHA)
-- 1
Holdings
Withdrawn status Lost status Source of classification or shelving scheme Damaged status Not for loan Collection code Home library Current library Shelving location Date acquired Vendor Name Cost, normal purchase price SGTU Bill Number Total Checkouts Full call number Accession No. (Barcode) Date last seen Bill Date Koha item type Date last borrowed
    Dewey Decimal Classification     AYURVEDA SGT FA-FP Library SGT FA-FP Library Text Book 30/01/2018 AHUJA PUB 795.00 SGTU 9136   616.075 R17B FA8012 30/01/2018 04/01/2018 Books  
    Dewey Decimal Classification     AYURVEDA SGT FA-FP Library SGT FA-FP Library Text Book 30/01/2018 AHUJA PUB 795.00 SGTU 9136 1 616.075 R17B FA8013 24/04/2024 04/01/2018 Books 24/02/2024
    Dewey Decimal Classification     AYURVEDA SGT FA-FP Library SGT FA-FP Library Text Book 30/01/2018 AHUJA PUB 795.00 SGTU 9136   616.075 R17B FA8014 30/01/2018 04/01/2018 Books